000 00367nam a2200157Ia 4500
008 191201s2009 xx 000 0 und d
020 _a9788177588262
082 _a005.73
_bAHD
100 _aAho, Alfred V
245 0 _aData Structures and Algorithms
250 _aImp
260 _aN.Delhi
_bpearson
_c2009
300 _a433
650 _aMCA
942 _2ddc
_cBK
_04
999 _c3790
_d3790